Histoire du Monde - Statistiques

Statistiques générales
  • Ce quiz a été pris 651 fois
  • Le résultat moyen est 5 sur 10
Statistiques - réponses
Question Réponse % Correct
Roi légendaire,fondateur de Rome avec son frère jumeau Rémus. Romulus
84%
Qui a peint la fresque de la Chapelle Sixtine ? Michel-Ange
79%
Nom du premier Empereur Romain Auguste
74%
Quelle période succède au Paléolithique ? Néolithique
71%
Aujourd'hui région française,ce territoire fut jadis indépendant jusqu'à son rattachement au Royaume de France en 1532. Bretagne
54%
Ville de naissance du Christ,selon la Bible. Bethléem
52%
Navigateur portugais ayant franchi le premier le Cap de Bonne-Espérance,en Afrique du Sud. Vasco de Gama
46%
Ancien nom de la ville de Lyon,à l'époque romaine. Lugdunum
44%
En quelle année fut assassiné le Président des États-Unis Abraham Lincoln ? 1865
34%
Quel Pape,successeur de Paul VI,n'a régné que trente-trois jours ? Jean-Paul Ier
5%
Aucun quiz correspondant
Distribution des résultats
% des personnes avec chaque résultat
Percentile par nombre de réponses
Votre historique - résultats
Vous n’avez pas pris ce quiz